000 01218nmc a2200385 a 4500
003 AR-BaBNM
005 20251128204754.0
008 195119s1994 ||||||||||||||000 | spa||
020 _a84-87567-91-6
040 _cAR-BaBNM
100 1 _aYoung, A.J.
245 1 0 _aPrincipios fundamentales para el desarrollo de la educación ambiental no convencional
250 _a1ª ed.
260 _aBilbao
_bLos Libros de la Catarata
_c1994
300 0 _a56 p.
_bcuadros
490 0 _aEducación ambiental
_vv. 23
500 0 _aContiene índice bibliográfico en p. 55-56
500 0 _aEsta edición cuenta con el aval del Programa Internacional de Educación Ambiental Unesco-PNUMA
500 0 _aPNUMA: Programa de las Naciones Unidas para el Medio Ambiente
650 4 _aEDUCACION NO FORMAL
650 4 _aEDUCACION NO FORMAL
650 4 _aEDUCACION EXTRAESCOLAR
650 4 _aGESTION AMBIENTAL
650 4 _aCALIDAD AMBIENTAL
650 4 _aECOLOGIA
650 4 _aPEDAGOGIA
650 4 _aRECURSOS EDUCACIONALES
650 4 _aCIENCIAS AMBIENTALES
650 4 _aCALIDAD AMBIENTAL
650 4 _aGESTION AMBIENTAL
700 1 _aMcElhone, M.J.
710 2 _aUnesco
942 _cBK
998 _cGLORIA
999 _c8762
_d8762